000 00972nam a2200277 i 4500
001 bg
003 BPK
005 20200423133000.0
008 981118s1983 pl |000 0 pol
015 _aPB 5438/85
020 _a8321403441
040 _aWA N
_cBPK
041 0 _apol
080 _a811.133.1:811.162.1]'374
100 1 _aKupisz, Kazimierz
_d(1921-2003).
_eAutor
245 1 0 _aPodręczny słownik francusko-polski z suplementem /
_cKazimierz Kupisz, Bolesław Kielski ; [suplement Anna Jedlińska, Stanislaw Wawrzkowicz].
250 _a[Wyd. 5 i. e. 6].
260 _aWarszawa :
_b"Wiedza Powszechna",
_c1983 [i.e.1984].
300 _aXXVIII, 1036 s. ;
_c21 cm.
655 4 _aSłownik francusko-polski
700 1 _aJedlińska, Anna.
700 1 _aWawrzkowicz, Stanisław.
700 1 _aKielski, Bolesław
_d(1879-1965).
_eAutor
710 2 _aPaństwowe Wydawnictwo Wiedza Powszechna
_4pbl.
942 _2UKD
_cKS
999 _c22917
_d22917